LEADER 01293nam a2200313 a 4500 001 000000136280 003 CaOOAMICUS 005 20131118111926.0 008 131118s2008 it u000 u ita r 020 $a978-88-06-19150-4 040 $aPUL$bita 041 1 $aita$hfre 100 1 $aCéline, Louis-Ferdinand.$0(OLS)http://pul/name/87753 240 10$aD'un château l'autre.$lItaliano.$0(OLS)http://pul/title/172362 245 10$aDa un castello all'altro /$cLouis-Ferdinand Celine ; introduzione di Gianni Celati ; traduzione di Giuseppe Guglielmi. 260 $aTorino :$bEinaudi,$c©2008. 300 $aXVII, 360 p. ;$c21 cm 490 1 $aET Scrittori ;$v1498 700 1 $aCelati, Gianni.$0(OLS)http://pul/name/87717 700 1 $aGuglielmi, Giuseppe,$d1976-$0(OLS)http://pul/name/68752 830 0$aET Scrittori ;$v1498.$0(OLS)http://pul/title/172364 850 $aPUL 852 $aPUL$W1$xDP1 Fondo E. Rossi$y115$m2 C 28$j27105$qFondi$B156467$CPULBib$Z2$F156467 $82 941 1 $a1 961 $aSul dorso collocazione ms. di E. Rossi: III 21 1 996 $6020$a978-88-06-19150-4$9(OLS)http://pul/number/153978 996 $6245$aDa un castello all'altro$9(OLS)http://pul/title/172363 996 $6260$aTorino :$bEinaudi$9(OLS)http://pul/publisher/48130 LEADER 01564nam a2200313 a 4500 001 000000172938 003 CaOOAMICUS 005 20191219124918.0 008 191219s2019 it 000 u ita r 020 $a978-88-7105-432-2* 032 $aLibriCat 040 $aPUL$bita 100 1 $aMortola, Martino.$0(OLS)http://pul/name/111069 245 13$aIl dialogo cattolico-ortodosso sul primato dal 1995 al 2016 :$banalisi storica e teologica del suo svolgimento e della sua recezione / $cMartino Mortola ; prefazione Michelina Tenace. 260 $aRoma :$bPontificio Seminario Lombardo,$c©2019$aMilano :$bGlossa 300 $aXVIII, 309 p. ;$c24 cm 490 1 $aDissertatio.$aSeries Romana ;$v62 504 $aBibliografia in nota. 650 4$aDialogo interreligioso.$0(OLS)http://pul/subject/33329 700 1 $aTenace, Michelina.$0(OLS)http://pul/name/66707 830 0$aDissertatio.$pSeries Romana ;$v62.$0(OLS)http://pul/title/39146 850 $aPUL 852 $aPUL$W1$xSL Diritto Canonico 1$y5$m148 I 62$j196925$qStampati$B201684$CPULBib$Z2$F201684 $H133803 $82 941 1 $a8 996 $6020$a978-88-7105-432-2*$9(OLS)http://pul/number/166949 996 $6245$aIl dialogo cattolico-ortodosso sul primato dal 1995 al 2016 :$banalisi storica e teologica del suo svolgimento e della sua recezione / $9(OLS)http://pul/title/213975 996 $6260$aRoma :$bPontificio Seminario Lombardo$9(OLS)http://pul/publisher/75656 996 $6260$aMilano :$bGlossa$9(OLS)http://pul/publisher/53656